000 01433nam a2200217Ia 4500
003 Ost
005 20260507075110.0
008 260507s9999||||xx |||||||||||||| ||und||
020 _a36281977
040 _cfsecg
041 _aara
082 _a330
100 _aحسن، عبدالمنعم أحمد
_eمؤلف
245 0 _aاساسيات وفسيولوجيا الحضر مع استعراض لمشاكل لانتاج الفسيولوجيا ووسائل الحد من أضرارها /
_c عبدالمنعم أحمد حسن
260 _aالقاهرة:
_bالمكتبة الاكدمية,
_c1997
300 _a596 صفحة؛
_bإيضاحات ؛
_c24 سم
490 _aسلسلة أساسيات الحضر
520 _aيتناول هذا الكتاب المشاكل الزراعية التي قد تنشأ عن الانجراف في العوامل البيئية جوية كانت أو ارضية والعيوب الفيسيولوجية وتطورات النمو النباتي طبيعيا كان أم غير طبيعي ، مع مناقشة كافة العوامل المؤثرة في النباتات في جميع حالاته مع شرح للجوانب التطبيقية وما يمكن اتخاذه من اجراءات للوصول إلى النمو المرغوب فيه وتجنب المشاكل الفسيوجية غير المرغوب فيها .
653 _aالجغرافيا البشرية
942 _cكتاب
999 _c42886
_d42886